Code of minimum requirements for instruction of welding operators... (Record no. 548830)
[ view plain ]
| 000 -LEADER | |
|---|---|
| fixed length control field | 00810cam a22001811 4500 |
| 082 ## - DEWEY DECIMAL CLASSIFICATION NUMBER | |
| Classification number | 671.521 |
| Author Mark | COP |
| -- | L-24, P-2 |
| 100 ## - MAIN ENTRY--PERSONAL NAME | |
| Personal name | Committee on Minimum Requirements of Instructions for Welding Operators in Trade Schools |
| 9 (RLIN) | 45265 |
| 110 2# - MAIN ENTRY--CORPORATE NAME | |
| Corporate name or jurisdiction name as entry element | American Welding Society. |
| 9 (RLIN) | 36062 |
| 245 10 - TITLE STATEMENT | |
| Title | Code of minimum requirements for instruction of welding operators... |
| Statement of responsibility, etc. | Prepared by Committee on Minimum Requirements of Instructions for Welding Operators in Trade Schools... |
| 250 ## - EDITION STATEMENT | |
| Edition statement | 1942 |
| 260 ## - PUBLICATION, DISTRIBUTION, ETC. | |
| Place of publication, distribution, etc. | New York, N.Y., |
| Name of publisher, distributor, etc. | American Welding Society, |
| Date of publication, distribution, etc. | c1942- |
| 300 ## - PHYSICAL DESCRIPTION | |
| Extent | iv, 83 P, : |
| Other physical details | illus., tables (1 fold.) diagrs. |
| Dimensions | 23 cm. |
| 505 1# - FORMATTED CONTENTS NOTE | |
| Formatted contents note | pt.A. Arc welding of steel 3/16 to 3/4 in. thick (tentative) |
| 526 ## - STUDY PROGRAM INFORMATION NOTE | |
| Program name | 0 |
| Interest level | 0 |
| Reading level | 0 |
| Title point value | 671_521000000000000_COP |
| 650 #0 - SUBJECT ADDED ENTRY--TOPICAL TERM | |
| Topical term or geographic name entry element | MCE |
| 9 (RLIN) | 379 |
| 650 #0 - SUBJECT ADDED ENTRY--TOPICAL TERM | |
| Topical term or geographic name entry element | Welding |
| 9 (RLIN) | 189 |
| 942 ## - ADDED ENTRY ELEMENTS (KOHA) | |
| Source of classification or shelving scheme | |
| Koha item type | Book |
| Withdrawn status | Lost status | Source of classification or shelving scheme | Damaged status | Not for loan | Permanent Location | Current Location | Date acquired | Total Checkouts | Full call number | Barcode | Date last seen | Price effective from | Koha item type |
|---|---|---|---|---|---|---|---|---|---|---|---|---|---|
| Military College of Engineering (MCE) | Military College of Engineering (MCE) | 09/09/2014 | 671.521 COP | MCE-40600 | 09/09/2014 | 09/09/2014 | Book |
